| 000 | 00727 a2200205 4500 | ||
|---|---|---|---|
| 010 | _aENG-88978 | ||
| 020 |
_c850.00 _a818220190X |
||
| 035 | _aEN-72511 | ||
| 037 | _bDBAD / PUB | ||
| 082 | 1 | 4 | _a361.613 |
| 090 |
_c9798 _d9798 |
||
| 100 | _aChaudhary, Sunil | ||
| 245 | 1 | 0 |
_aPolitics of policy science / _cby Sunil Chaudhary |
| 260 |
_aNew Delhi _bGlobal Vision Publishing House _c2007 |
||
| 270 |
_aF-4, 1st Floor, `Hari Sadan' 20, Ansari Road, Daryaganj, _bNew Delhi _e110 002 |
||
| 300 |
_avii, 345p. _c22 cm ( Hb) |
||
| 500 | _aIncludes bibliographical references and index | ||
| 942 |
_adpl _cEN _k361.613 /CHA |
||
| 999 |
_c9619 _d9619 |
||